Menem: la vida privada

Na minha lista:
Detalhes bibliográficos
Autor principal: Wornat, Olga (Autor)
Formato: Livro
Idioma:espanhol
Publicado em: Buenos Aires Planeta 1999
Edição:4a. ed
coleção:Espejo de la Argentina
Assuntos:
Tags: Adicionar Tag
Sem tags, seja o primeiro a adicionar uma tag!

MARC

LEADER 00000nam a2200000 a 4500
001 UCN2560
003 CL-VaPUC
008 010530e19990000AG |||||||||||||||||spa|d
082 0 4 |a 923.1  |b WOR  |2 21 
100 0 |a Wornat, Olga  |e author  |9 458542 
245 1 0 |a Menem: la vida privada 
250 |a 4a. ed 
300 |a 473 p 
942 |c BK 
945 |d 20010530 00:00:00  |a cmena 
260 |a Buenos Aires  |b Planeta  |c 1999 
600 0 |a Menem, Carlos Saúl,  |d 1930-2021  |9 458543 
650 0 |a Biografías  |9 255210 
650 7 |a PRESIDENTES ARGENTINOS  |2 CL-VaPUC  |9 458544 
651 0 |a Argentina  |9 254888 
583 |a last modification  |c 20010530 00:00:00  |k Rodrigo Vera 
490 0 |a Espejo de la Argentina 
999 |c 295619  |d 295617 
952 |0 0  |1 0  |4 0  |6 923_100000000000000_WOR_1999  |7 0  |8 A  |9 348897  |a BIBCUR  |b BIBCUR  |d 2019-11-20  |i 3729982  |o 923.1 WOR 1999  |p 3729982  |r 2025-04-22  |w 2019-11-20  |y BK  |k PER